| 000 | 00600nam a22001697a 4500 | ||
|---|---|---|---|
| 008 | 160125b xxu||||| |||| 00| 0 eng d | ||
| 020 | _a9780618423019 | ||
| 020 | _a061842301X | ||
| 082 |
_22005 _aDK12 500.7 _bM14 |
||
| 245 |
_aMcDougal Littell science : _bintegrated course 2/ |
||
| 260 |
_aEvanstone, IL : _bMcDougal Littell, _cc2005. |
||
| 300 |
_axlviii, [896 pages] : _bcolor illustrations ; _c29 cm. |
||
| 500 | _aIncludes appendix, glossary and index. | ||
| 650 | 0 |
_92187 _aScience _vStudy and teaching (Middle school) |
|
| 650 | 0 |
_92188 _aScience _vStudy and teaching (Secondary) |
|
| 942 |
_2ddc _cBK |
||
| 999 |
_c813 _d813 |
||